000 00687cam a2200217 4500
001 ABS61988
008 000000n2000 000 0 eng u
035 _a(Sirsi) u104367
100 _aPunter, J.
245 _aUrban Design Strategies In Britain - the key questions
260 _c2000
490 _aBuilt Environment
_v25(4) 371-385(15)
520 _aOutlines the key issues involved in urban design strategies in Britain. References.
590 _aABS
650 _aBUILT ENVIRONMENT
650 _aURBAN DESIGN
650 _aURBAN TASK FORCE 1999
650 _aURBAN DESIGN STRATEGY
690 _aENVIRONMENTAL AND LAND CONSULTANCY-PLANNING AND DEVELOPMENT
942 _n0
999 _c62613
_d62613